Locate the European Landmarks Quiz Stats

 Plays Quiz Updated Jan 13, 2017

Support Sporcle.
Go Orange.
Score 0/27 Timer 10:00
1 Play Today
% Correct
Eiffel Tower
78.4%
Chernobyl Nuclear Power Plant
72.5%
Hagia Sophia
69.3%
Sagrada Familia
68.2%
Bran Castle
66.8%
Colosseum
66.3%
Blarney Castle
65%
Little Mermaid
63.9%
Tower of London
61.9%
The Hague
60.7%
Winter Palace
60.3%
Flanders Fields
56.2%
Latin Bridge
52.2%
Brandenburg Gate
49.7%
% Correct
Palace of Nations
49.3%
Charles Bridge
44.4%
Monte Carlo Casino
43.9%
Suomenlinna
43%
St. Stephen's Basilica
39.1%
Parthenon
37.9%
Sistine Chapel
32.6%
University of Coimbra
31.3%
Malbork Castle
31%
Schonbrunn Palace
28.4%
Church of Saint Sava
18.9%
Hallgrimskirkja
15.3%
Stephen the Great Monument
12%

You're not logged in!

Compare scores with friends on all Sporcle quizzes.
OR
Log In
Forgot?

From the Vault

Members of N.W.A.

by Rbob447

We'd expect to find a few more members in the National Winnebago Association.
Remove Ads.
Support Sporcle.
Get the best of Sporcle when you Go Orange. This ad-free experience offers more features, more stats, and more fun while also helping to support Sporcle. Thank you for becoming a member.

Show Comments

Extras

Top Quizzes Today


Score Distribution

Your Account Isn't Verified!

In order to create a playlist on Sporcle, you need to verify the email address you used during registration. Go to your Sporcle Settings to finish the process.

Report this User

Report this user for behavior that violates our Community Guidelines.

Details: